| 000 -CABECERA |
| Longitud fija campo de control |
00437naa a2200145 a 4500 |
| 001 - NÚMERO DE CONTROL |
| Número de control |
1211 |
| 003 - IDENTIFICADOR DEL NÚMERO DE CONTROL |
| Identificador del número de control |
CDMR |
| 005 - FECHA Y HORA DE LA ÚLTIMA TRANSACCIÓN |
| Fecha y hora de la última transacción |
20130116135204.0 |
| 008 - CÓDIGOS DE INFORMACIÓN DE LONGITUD FIJA |
| Códigos de información de longitud fija |
130130s ||||||||||||r|||||||||||||||d |
| 040 ## - FUENTE DE LA CATALOGACIÓN |
| Centro catalogador de origen |
CDMR |
| Lengua de catalogación |
cat |
| Centro transcriptor |
CDMR |
| 110 2# - PUNTO DE ACCESO PRINCIPAL-NOMBRE DE ENTIDAD CORPORATIVA |
| Nombre de entidad corporativa o nombre de jurisdicción como elemento inicial |
Associació de Periodistes de Barcelona |
| 9 (RLIN) |
134 |
| 245 10 - MENCIÓN DE TÍTULO |
| Título |
Estatutos de la Asociación de Periodistas de Barcelona |
| 773 0# - ENLACE AL DOCUMENTO FUENTE |
| Encabezamiento principal |
|
| Título |
Associació de Periodistes de Barcelona |
| Parte(s) relacionada(s) |
1933, I, p.270-276 |
| Número de control del registro relacionado |
315 |
| 942 ## - ENTRADA DE ELEMENTOS AGREGADOS (KOHA) |
| Koha [por defecto] tipo de item |
Capítols |